Welcome to CU Library Online Public Access Catalogue (OPAC)

Earth sheltered housing design : (Record no. 8321)

MARC details
000 -LEADER
fixed length control field 00854cam a2200241 i 4500
001 - CONTROL NUMBER
control field 848543
005 - DATE AND TIME OF LATEST TRANSACTION
control field 20251121185922.0
008 - FIXED-LENGTH DATA ELEMENTS--GENERAL INFORMATION
fixed length control field 781027s1979 nyua b 001 0 eng
020 ## - INTERNATIONAL STANDARD BOOK NUMBER
International Standard Book Number 0442261578
020 ## - INTERNATIONAL STANDARD BOOK NUMBER
International Standard Book Number 0442288212 (pbk.) :
Terms of availability $9.95
020 ## - INTERNATIONAL STANDARD BOOK NUMBER
International Standard Book Number 9780442261573
020 ## - INTERNATIONAL STANDARD BOOK NUMBER
International Standard Book Number 9780442288211
050 00 - LIBRARY OF CONGRESS CALL NUMBER
Classification number TH4819.E27
Item number M56 1979
082 00 - DEWEY DECIMAL CLASSIFICATION NUMBER
Classification number 728
110 2# - MAIN ENTRY--CORPORATE NAME
Corporate name or jurisdiction name as entry element University of Minnesota.
Subordinate unit Underground Space Center.
245 10 - TITLE STATEMENT
Title Earth sheltered housing design :
Remainder of title guidelines, examples, and references /
Statement of responsibility, etc. prepared by the Underground Space Center, University of Minnesota ; prepared for the Minnesota Energy Agency.
260 ## - PUBLICATION, DISTRIBUTION, ETC.
Place of publication, distribution, etc. New York :
Name of publisher, distributor, etc. Van Nostrand Reinhold,
Date of publication, distribution, etc. 1979.
300 ## - PHYSICAL DESCRIPTION
Extent 318 p. :
Other physical details ill. ;
Dimensions 21 x 28 cm.
500 ## - GENERAL NOTE
General note Includes index.
650 #0 - SUBJECT ADDED ENTRY--TOPICAL TERM
Topical term or geographic name entry element Earth sheltered houses.
710 2# - ADDED ENTRY--CORPORATE NAME
Corporate name or jurisdiction name as entry element Minnesota Energy Agency.
942 ## - ADDED ENTRY ELEMENTS (KOHA)
Source of classification or shelving scheme Library of Congress Classification
Koha item type Books
Suppress in OPAC No
999 ## -
-- 8321
-- 8321
Holdings
Withdrawn status Lost status Source of classification or shelving scheme Damaged status Not for loan Collection Home library Current library Shelving location Date acquired Total checkouts Full call number Barcode Date last seen Copy number Price effective from Koha item type
    Library of Congress Classification     Non-fiction Science Library (Miotso) Science Library (Miotso) General stacks 11/21/2025   TH4819.E27 M56 MIN SLM00005970 11/21/2025 1 11/21/2025 Books
    Library of Congress Classification     Non-fiction Science Library (Miotso) Science Library (Miotso) General stacks 11/21/2025   TH4819.E27 M56 MIN SLM00005971 11/21/2025 2 11/21/2025 Books
© 2023-2024 Copyright: Central University Libraries. All Rights Reserved | Created by: Mahone Tech Office